[Event "5eme Open International de La Fere"]
[Site "La Fere (FRA)"]
[Date "2006.07.13"]
[Round "8.13"]
[White "Bosch, Joachim"]
[Black "Mathieu, Roger"]
[Result "1-0"]
[WhiteElo "2035"]
[BlackElo "1560"]
[PlyCount "97"]
[EventDate "2006.07.13"]

1. d4 Nf6 2. c4 e6 3. Nc3 d5 4. Bg5 Bb4 5. Qb3 a5 6. a3 Bxc3+ 7. bxc3 c6 8. e3
h6 9. Bh4 Nbd7 10. Nf3 O-O 11. Bd3 b6 12. O-O Ba6 13. a4 Bxc4 14. Bxc4 dxc4 15.
Qxc4 Qc7 16. Rab1 Rac8 17. Qb3 c5 18. Bxf6 Nxf6 19. Qxb6 cxd4 20. cxd4 Nd5 21.
Qxc7 Rxc7 22. Rb5 Nc3 23. Rxa5 Rc4 24. Ra1 Rfc8 25. g3 Ne4 26. Re5 Rc1+ 27.
Rxc1 Rxc1+ 28. Kg2 Nf6 29. h3 Ra1 30. a5 Ra2 31. Ne1 Nd5 32. Nd3 Rxa5 33. e4
Ra3 34. exd5 Rxd3 35. dxe6 fxe6 36. Re4 e5 37. dxe5 Kf7 38. Re3 Rd5 39. f4 g6
40. Kf3 Ke6 41. Kg4 Rd1 42. Rb3 Re1 43. Rb6+ Kf7 44. Rb7+ Kg8 45. h4 Re2 46. h5
g5 47. fxg5 hxg5 48. Kf5 Re3 49. g4 1-0

[Event "5eme Open International de La Fere"]
[Site "La Fere (FRA)"]
[Date "2006.07.13"]
[Round "8.14"]
[White "Trens, Yohan"]
[Black "Beltri, Gilles"]
[Result "1-0"]
[WhiteElo "2021"]
[BlackElo "1400"]
[PlyCount "41"]
[EventDate "2006.07.13"]

1. d4 e6 2. e4 d5 3. Nc3 Bb4 4. e5 c5 5. Bd2 Bd7 6. dxc5 Bc6 7. Qg4 g6 8. Qxb4
Na6 9. Qd4 Ne7 10. Bd3 Qd7 11. Nf3 Nc7 12. O-O O-O-O 13. b4 Nf5 14. Bxf5 gxf5
15. a4 a6 16. Rfb1 Rhg8 17. b5 f6 18. bxc6 Rxg2+ 19. Kxg2 Rg8+ 20. Kh1 Qg7 21.
Rg1 1-0

[Event "5eme Open International de La Fere"]
[Site "La Fere (FRA)"]
[Date "2006.07.13"]
[Round "8.15"]
[White "Lepot, Simon"]
[Black "Cozette, Michael"]
[Result "0-1"]
[WhiteElo "1880"]
[BlackElo "1997"]
[PlyCount "68"]
[EventDate "2006.07.13"]

1. e4 c5 2. Nf3 d6 3. d4 cxd4 4. Nxd4 Nf6 5. Nc3 a6 6. Bc4 e6 7. Bb3 b5 8. O-O
Be7 9. a3 O-O 10. Kh1 Qc7 11. f4 Nc6 12. Be3 Na5 13. Qe2 Nxb3 14. cxb3 Bb7 15.
Rac1 Qb8 16. Bg1 d5 17. exd5 Nxd5 18. f5 Nf4 19. Rxf4 Qxf4 20. Rf1 Qh4 21. fxe6
fxe6 22. Rxf8+ Rxf8 23. Qxe6+ Kh8 24. Nd5 Bxd5 25. Qxd5 Rd8 26. Qf7 Qf6 27. Qh5
g6 28. Qe2 Rxd4 29. Bxd4 Qxd4 30. g3 Qd5+ 31. Kg1 Bc5+ 32. Kf1 Qf5+ 33. Kg2
Qd5+ 34. Kf1 Qh1# 0-1

[Event "5eme Open International de La Fere"]
[Site "La Fere (FRA)"]
[Date "2006.07.13"]
[Round "8.16"]
[White "Marchal, Chantal"]
[Black "Chetverik, Maxim"]
[Result "0-1"]
[WhiteElo "1900"]
[BlackElo "2302"]
[PlyCount "42"]
[EventDate "2006.07.13"]

1. e4 Nf6 2. e5 Nd5 3. d4 d6 4. c4 Nb6 5. exd6 cxd6 6. Nc3 g6 7. g3 Bg7 8. Be3
O-O 9. b3 Nc6 10. Bg2 Bf5 11. a3 e5 12. d5 Nd4 13. Be4 Qd7 14. Qb1 Rae8 15. h3
Bxe4 16. Nxe4 f5 17. Nc3 f4 18. Bd2 fxg3 19. fxg3 e4 20. Nge2 e3 21. Bc1 Nxe2
0-1

[Event "5eme Open International de La Fere"]
[Site "La Fere (FRA)"]
[Date "2006.07.13"]
[Round "8.17"]
[White "Bardoux, Thierry"]
[Black "Mestdagh, Franck"]
[Result "1/2-1/2"]
[WhiteElo "2175"]
[BlackElo "1901"]
[PlyCount "69"]
[EventDate "2006.07.13"]

1. d4 e6 2. Nf3 c5 3. e3 Nf6 4. Bd3 b6 5. Nbd2 Bb7 6. O-O Be7 7. b3 O-O 8. Bb2
d5 9. Rc1 Nbd7 10. c4 Ne4 11. Qe2 f5 12. Ne5 Nxe5 13. dxe5 Nxd2 14. Qxd2 dxc4
15. bxc4 Qc7 16. Qe2 Rad8 17. Rcd1 Qc6 18. f3 Qe8 19. Bc2 Qh5 20. Bc1 Bg5 21.
Ba4 Qf7 22. f4 Be7 23. Bc2 Bc6 24. h3 Bh4 25. e4 g6 26. Kh2 Rxd1 27. Rxd1 Rd8
28. exf5 gxf5 29. Rxd8+ Bxd8 30. g4 Bh4 31. Qd1 Ba8 32. Qg1 Kf8 33. gxf5 exf5
34. Ba3 Qh5 35. Qf1 1/2-1/2

[Event "5eme Open International de La Fere"]
[Site "La Fere (FRA)"]
[Date "2006.07.13"]
[Round "8.18"]
[White "Platel, Alexandre"]
[Black "Cuvelier, Julien"]
[Result "1-0"]
[WhiteElo "2167"]
[BlackElo "1850"]
[PlyCount "43"]
[EventDate "2006.07.13"]

1. e4 Nf6 2. e5 Nd5 3. c4 Nb6 4. c5 Nd5 5. Nc3 c6 6. Bc4 e6 7. Ne4 Qa5 8. Ne2
Bxc5 9. O-O Be7 10. d4 Qd8 11. N2g3 h6 12. Bd2 b6 13. f4 Ba6 14. b3 d6 15. Qe2
Bb7 16. f5 Qd7 17. fxe6 Qxe6 18. Nf5 O-O 19. Bxh6 dxe5 20. Bxg7 exd4 21. Qh5 f6
22. Qg6 1-0

[Event "5eme Open International de La Fere"]
[Site "La Fere (FRA)"]
[Date "2006.07.13"]
[Round "8.19"]
[White "Feryn, Alexandre"]
[Black "Thomas, Olivier"]
[Result "1/2-1/2"]
[WhiteElo "1877"]
[BlackElo "2126"]
[PlyCount "58"]
[EventDate "2006.07.13"]

1. e4 c5 2. Nf3 Nc6 3. d4 cxd4 4. Nxd4 Nf6 5. Nc3 e5 6. Ndb5 d6 7. Bg5 a6 8.
Na3 b5 9. Nd5 Be7 10. Bxf6 Bxf6 11. c3 O-O 12. Be2 Bg5 13. Nc2 Rb8 14. O-O a5
15. Nce3 Bxe3 16. Nxe3 Ne7 17. Bf3 Be6 18. Qd2 Qb6 19. b3 Rbc8 20. Rfd1 Rfd8
21. Qb2 Rc5 22. b4 Rc7 23. a4 bxa4 24. Rxa4 axb4 25. Rxb4 Qc5 26. c4 Ra7 27.
Rb5 Qa3 28. Qxa3 Rxa3 29. Rxe5 Nc6 1/2-1/2

[Event "5eme Open International de La Fere"]
[Site "La Fere (FRA)"]
[Date "2006.07.13"]
[Round "8.20"]
[White "Wolfangel, Claude"]
[Black "Deneuville, Ludovic"]
[Result "0-1"]
[WhiteElo "1843"]
[BlackElo "2009"]
[PlyCount "52"]
[EventDate "2006.07.13"]

1. d4 d5 2. c4 c6 3. cxd5 cxd5 4. Nc3 Nf6 5. Bf4 e6 6. Nf3 Nc6 7. a3 Bd6 8.
Bxd6 Qxd6 9. e3 O-O 10. Bd3 Re8 11. O-O e5 12. Bb5 e4 13. Ne5 Nxe5 14. dxe5
Rxe5 15. Be2 Rg5 16. f4 exf3 17. Bxf3 Bg4 18. e4 Qb6+ 19. Kh1 Nxe4 20. Nxe4
dxe4 21. Bxg4 Qxb2 22. Rb1 Qxa3 23. Rxb7 Rf8 24. Rfxf7 Rxf7 25. Qd8+ Qf8 26.
Qxf8+ Kxf8 0-1

[Event "5eme Open International de La Fere"]
[Site "La Fere (FRA)"]
[Date "2006.07.13"]
[Round "8.21"]
[White "Maupin, Valerie"]
[Black "Le Kouaghet, Euwen"]
[Result "1-0"]
[WhiteElo "2007"]
[BlackElo "1867"]
[PlyCount "37"]
[EventDate "2006.07.13"]

1. d4 c6 2. c4 d5 3. Nc3 Nf6 4. Nf3 e6 5. Bg5 Be7 6. e3 O-O 7. Qc2 Nbd7 8. cxd5
cxd5 9. Bd3 a6 10. a4 h6 11. Bh4 b6 12. O-O Bb7 13. Rfc1 Nh5 14. Bxe7 Qxe7 15.
Qe2 Rfc8 16. Rc2 a5 17. Bb5 Nhf6 18. Rac1 Rc7 19. Nxd5 1-0

[Event "5eme Open International de La Fere"]
[Site "La Fere (FRA)"]
[Date "2006.07.13"]
[Round "8.22"]
[White "Delmotte, Eric"]
[Black "Manet, Eric"]
[Result "1-0"]
[WhiteElo "1861"]
[BlackElo "1999"]
[PlyCount "109"]
[EventDate "2006.07.13"]

1. d4 Nf6 2. Nc3 g6 3. e4 d6 4. Be3 Bg7 5. f3 O-O 6. Qd2 Nc6 7. O-O-O a6 8. Bh6
e5 9. d5 Ne7 10. h4 Bxh6 11. Qxh6 Kh8 12. g4 Neg8 13. Qe3 Nd7 14. h5 g5 15.
Nge2 h6 16. Ng3 Nc5 17. Nf5 Kh7 18. Rd2 b6 19. Nd1 Bd7 20. Qc3 Na4 21. Qa3 Qb8
22. Nc3 Nxc3 23. Qxc3 b5 24. Ng3 Qb6 25. Bg2 b4 26. Qb3 a5 27. Re1 Rfb8 28. Qe3
Qb7 29. Kb1 Ne7 30. Ne2 Qb6 31. Nc1 Nc8 32. Bf1 Qb7 33. Bd3 Na7 34. Ne2 Qa6 35.
Ng1 Qb7 36. Nh3 Qb6 37. Nxg5+ hxg5 38. Qxg5 Rg8 39. Qe7 Bxg4 40. fxg4 Rxg4 41.
Qxf7+ Rg7 42. Qf5+ Kh6 43. Qf6+ Kh7 44. h6 Rgg8 45. Qf7+ Kh8 46. h7 Rg7 47. Qf6
Qb8 48. Rf1 Qf8 49. Qf5 Rxh7 50. Rg2 Qe7 51. Rf3 Rh1+ 52. Bf1 Qh4 53. Rfg3 Nb5
54. Qf7 Qh6 55. Qf8+ 1-0

[Event "5eme Open International de La Fere"]
[Site "La Fere (FRA)"]
[Date "2006.07.13"]
[Round "8.23"]
[White "Lonnoy, Remi"]
[Black "Casier, Remi"]
[Result "1-0"]
[WhiteElo "1985"]
[BlackElo "1833"]
[PlyCount "125"]
[EventDate "2006.07.13"]

1. d4 Nf6 2. c4 g6 3. Nc3 Bg7 4. e4 d6 5. f4 O-O 6. Nf3 c5 7. d5 Nbd7 8. Be2 a6
9. a4 Qa5 10. O-O Ng4 11. Bd2 Qb6 12. h3 Nh6 13. Qc1 Kh8 14. g4 f6 15. f5 g5
16. Be1 Rg8 17. Bg3 Ne5 18. Bxe5 dxe5 19. Qd2 Nf7 20. a5 Qc7 21. Na4 Bd7 22.
Nb6 Rad8 23. b4 Rge8 24. Qe3 cxb4 25. c5 Rg8 26. Rab1 Be8 27. Rxb4 Bf8 28. Rc1
h5 29. Kg2 Nh6 30. Nd2 Bb5 31. Bxb5 axb5 32. Qe2 Rg7 33. Rxb5 Rh7 34. Rbb1 hxg4
35. hxg4 Nf7 36. Nb3 Rh4 37. Rh1 Bh6 38. Kg3 Rg8 39. Qb5 Nd6 40. Qd3 Nc8 41.
Rh2 Rg7 42. Rbh1 Rh7 43. Nxc8 Qxc8 44. Qb5 Kg8 45. Nd2 Bf8 46. Nf3 Rxh2 47.
Rxh2 Rxh2 48. Kxh2 e6 49. fxe6 Qxc5 50. Qxc5 Bxc5 51. Nd2 Kf8 52. Nc4 Ke7 53.
Kg2 Bd4 54. Kf3 Bc5 55. Ke2 Bb4 56. Kd3 Bc5 57. Kc2 Bf2 58. Kd3 Bc5 59. Kc3
Bd4+ 60. Kb4 Bf2 61. Nb6 Kd8 62. d6 Ke8 63. Nd5 1-0

[Event "5eme Open International de La Fere"]
[Site "La Fere (FRA)"]
[Date "2006.07.13"]
[Round "8.24"]
[White "Lebon, Joffrey"]
[Black "Hauet, Thomas"]
[Result "1-0"]
[WhiteElo "1982"]
[BlackElo "1830"]
[PlyCount "95"]
[EventDate "2006.07.13"]

1. e4 e5 2. Nf3 Nc6 3. Bb5 d6 4. d4 exd4 5. Qxd4 Bd7 6. Qd3 Nf6 7. O-O Be7 8.
a3 O-O 9. Nc3 Re8 10. Bg5 a6 11. Ba4 h6 12. Be3 Bf8 13. Bb3 Be6 14. Bxe6 Rxe6
15. Nd4 Nxd4 16. Bxd4 Qe8 17. f3 Rd8 18. Bxf6 Rxf6 19. Nd5 Rg6 20. Nxc7 Qe5 21.
Nd5 Qg5 22. Rf2 Rc8 23. Rd1 Qh4 24. Qe3 Rg5 25. Rfd2 Rh5 26. Qf4 Qd8 27. b4 Qe8
28. h4 Qd8 29. g3 Re5 30. Qe3 Re6 31. Kh2 Be7 32. Nxe7+ Qxe7 33. Qb3 Rg6 34. c4
Qe5 35. Rg1 Qe6 36. Rd5 Rf6 37. Qd3 Rg6 38. Rd1 Rc6 39. f4 Rf6 40. e5 Rf5 41.
exd6 Rxd5 42. cxd5 Qxd6 43. dxc6 Qxc6 44. Rd2 Qe6 45. Qd5 Qe1 46. Qd8+ Kh7 47.
Qd3+ Kg8 48. Re2 1-0

[Event "5eme Open International de La Fere"]
[Site "La Fere (FRA)"]
[Date "2006.07.13"]
[Round "8.25"]
[White "Cassol, Robert"]
[Black "Mataigne, Jean-Michel"]
[Result "0-1"]
[WhiteElo "1380"]
[BlackElo "1963"]
[PlyCount "88"]
[EventDate "2006.07.13"]

1. e4 d6 2. Nf3 Nf6 3. Nc3 g6 4. d4 Bg7 5. Be3 c6 6. Bd3 Nbd7 7. Qd2 e5 8. d5
cxd5 9. exd5 O-O 10. Bb5 Nb6 11. Be2 a6 12. h4 Bg4 13. Bh6 Rc8 14. Bxg7 Kxg7
15. Ng5 Bxe2 16. Qxe2 h6 17. Nge4 Nbxd5 18. Nxd5 Nxd5 19. g4 Nf4 20. Qf3 Rxc2
21. O-O d5 22. Ng3 Qxh4 23. Rfe1 Nh3+ 24. Kf1 Rxf2+ 25. Qxf2 Nxf2 26. Kxf2 Qh2+
27. Kf3 e4+ 28. Nxe4 dxe4+ 29. Rxe4 Rd8 30. Rae1 Rd3+ 31. R4e3 Rxe3+ 32. Rxe3
Qxb2 33. Re2 Qd4 34. Kg3 b5 35. Kg2 Qxg4+ 36. Kf1 a5 37. Ke1 b4 38. Kd1 a4 39.
Ke1 b3 40. axb3 axb3 41. Rb2 Qe4+ 42. Kd2 Qd4+ 43. Kc1 Qc3+ 44. Rc2 Qxc2# 0-1

[Event "5eme Open International de La Fere"]
[Site "La Fere (FRA)"]
[Date "2006.07.13"]
[Round "8.26"]
[White "Demeestere, Laurent"]
[Black "Timmermans, Eric"]
[Result "1-0"]
[WhiteElo "1954"]
[BlackElo "1730"]
[PlyCount "47"]
[EventDate "2006.07.13"]

1. d4 f5 2. Bg5 Nf6 3. Bxf6 gxf6 4. e4 h5 5. Be2 Bh6 6. Bxh5+ Kf8 7. exf5 c5 8.
Nf3 Qa5+ 9. Nc3 cxd4 10. Nxd4 Qe5+ 11. Nce2 Nc6 12. g4 Nb4 13. f4 Bxf4 14. Ne6+
dxe6 15. Qd8+ Kg7 16. Qxe7+ Kh6 17. Qxb4 Be3 18. Qe7 Rh7 19. Qf8+ Rg7 20. Qh8+
Rh7 21. Qf8+ Rg7 22. Bg6 exf5 23. Qh8+ Kg5 24. Qh5# 1-0

[Event "5eme Open International de La Fere"]
[Site "La Fere (FRA)"]
[Date "2006.07.14"]
[Round "9.1"]
[White "Ninov, Nikolai"]
[Black "Nevednichy, Vladislav"]
[Result "1-0"]
[WhiteElo "2517"]
[BlackElo "2576"]
[PlyCount "107"]
[EventDate "2006.07.14"]

1. e4 c5 2. Nf3 d6 3. d4 cxd4 4. Nxd4 Nf6 5. Nc3 Nc6 6. Bc4 e6 7. Be3 a6 8. f4
Qc7 9. f5 Na5 10. Bb3 e5 11. Ba4+ Bd7 12. Bxd7+ Qxd7 13. Nde2 Nc4 14. Bg5 Be7
15. b3 Nb6 16. Bxf6 Bxf6 17. a4 Qc6 18. a5 Nd7 19. Nd5 Bh4+ 20. g3 Bd8 21. Qd2
Nf6 22. Nec3 Rc8 23. Ra2 h5 24. Nxf6+ Bxf6 25. Nd5 h4 26. g4 h3 27. Ke2 Bd8 28.
Kf3 Qc5 29. c4 Rh4 30. Rc1 Rh8 31. b4 Qc6 32. Rc3 Kf8 33. Qe3 Ke8 34. Ra1 g6
35. f6 Qd7 36. Kg3 Qe6 37. Rf1 Rc6 38. Qe2 Qd7 39. Rff3 Rc8 40. Rfd3 Qe6 41. g5
Rh5 42. Qg4 Rc6 43. Ne3 b6 44. Nf5 Kd7 45. axb6 Bxb6 46. c5 gxf5 47. exf5 Qa2
48. Qxh5 e4 49. Rd1 Bc7 50. Kxh3 Kc8 51. g6 dxc5 52. Rg3 Bxg3 53. hxg3 fxg6 54.
Qh8+ 1-0

[Event "5eme Open International de La Fere"]
[Site "La Fere (FRA)"]
[Date "2006.07.14"]
[Round "9.5"]
[White "Delorme, Laurie"]
[Black "Gladyszev, Oleg"]
[Result "0-1"]
[WhiteElo "2068"]
[BlackElo "2457"]
[PlyCount "80"]
[EventDate "2006.07.14"]

1. e4 c5 2. Ne2 Nc6 3. d4 cxd4 4. Nxd4 Nf6 5. Nc3 e5 6. Ndb5 d6 7. Bg5 a6 8.
Na3 b5 9. Nd5 Be7 10. Bxf6 Bxf6 11. c4 b4 12. Nc2 a5 13. b3 Bg5 14. Be2 O-O 15.
O-O Bb7 16. Qd3 Nb8 17. Bf3 Na6 18. Nce3 Nc5 19. Qc2 g6 20. Rad1 Kh8 21. Rfe1
Ne6 22. Bg4 h5 23. Bh3 Bh6 24. g3 Nd4 25. Rxd4 exd4 26. Ng2 Bxd5 27. exd5 Re8
28. Rxe8+ Qxe8 29. Qd3 a4 30. Nh4 axb3 31. axb3 Qe1+ 32. Bf1 Ra2 33. Qxd4+ Bg7
34. Qe3 Qxe3 35. fxe3 Rb2 36. c5 Rxb3 37. cxd6 Rxe3 38. d7 Bf6 39. Kf2 Rc3 40.
Bg2 Rc7 0-1

[Event "5eme Open International de La Fere"]
[Site "La Fere (FRA)"]
[Date "2006.07.14"]
[Round "9.6"]
[White "Dumitrache, Dragos-Nicolae"]
[Black "Bosch, Joachim"]
[Result "1-0"]
[WhiteElo "2451"]
[BlackElo "2035"]
[PlyCount "51"]
[EventDate "2006.07.14"]

1. d4 d5 2. c4 c6 3. Nf3 Nf6 4. e3 Bg4 5. Nc3 e6 6. h3 Bh5 7. g4 Bg6 8. Ne5
Nfd7 9. Nxg6 hxg6 10. Bd2 dxc4 11. Bxc4 Nb6 12. Bb3 g5 13. Qf3 a5 14. a3 Be7
15. Rd1 Na6 16. e4 O-O 17. Be3 Qc7 18. h4 gxh4 19. g5 g6 20. Rxh4 Kg7 21. Bf4
Qd8 22. Be5+ f6 23. Qh3 Rh8 24. gxf6+ Bxf6 25. Rxh8 Qxh8 26. Bxf6+ 1-0

[Event "5eme Open International de La Fere"]
[Site "La Fere (FRA)"]
[Date "2006.07.14"]
[Round "9.7"]
[White "Zimmerman, Yuri"]
[Black "Trens, Yohan"]
[Result "1-0"]
[WhiteElo "2374"]
[BlackElo "2021"]
[PlyCount "71"]
[EventDate "2006.07.14"]

1. d4 Nf6 2. c4 c5 3. d5 e6 4. Nc3 exd5 5. cxd5 d6 6. e4 g6 7. Bd3 Bg7 8. h3
O-O 9. Nf3 b5 10. a3 c4 11. Bc2 a6 12. O-O Re8 13. Re1 Nbd7 14. Be3 Bb7 15. Qd2
Qc7 16. Bd4 Nb6 17. Rad1 Nfd7 18. Bxg7 Kxg7 19. Nd4 Nc5 20. Re3 f6 21. Rg3 Kh8
22. Qf4 Qe7 23. Nc6 Qf8 24. Qh4 Kg7 25. Nd4 Nbd7 26. f4 Rad8 27. Qg4 Kh8 28.
Ne6 Nxe6 29. dxe6 Nc5 30. f5 g5 31. h4 h6 32. Qh5 Kg8 33. hxg5 hxg5 34. Rh3 Qg7
35. Rxd6 Rc8 36. Rd7 1-0

[Event "5eme Open International de La Fere"]
[Site "La Fere (FRA)"]
[Date "2006.07.14"]
[Round "9.8"]
[White "Cozette, Michael"]
[Black "Olarasu, Gabriela"]
[Result "0-1"]
[WhiteElo "1997"]
[BlackElo "2222"]
[PlyCount "88"]
[EventDate "2006.07.14"]

1. e4 e5 2. Nf3 d6 3. d4 exd4 4. Nxd4 Nf6 5. Nc3 Be7 6. Bc4 O-O 7. Bf4 Re8 8.
O-O Bf8 9. Re1 c6 10. a4 a5 11. Qd2 Nbd7 12. Rad1 Ne5 13. Bb3 Ng6 14. Bg5 h6
15. Bf4 Nxf4 16. Qxf4 Qe7 17. h3 Qe5 18. Qe3 Qc5 19. f4 d5 20. e5 Nh7 21. f5
Qe7 22. f6 Nxf6 23. Rd3 Nd7 24. Nf3 Nc5 25. Rd2 Ne6 26. Kh1 Qc5 27. Qe2 Nf4 28.
Qf1 Ng6 29. Rf2 Be6 30. Nb1 Qb6 31. Nbd2 Bc5 32. Rfe2 Nf4 33. c3 Nxe2 34. Qxe2
Qa6 35. Qd1 b5 36. Bc2 bxa4 37. Bxa4 Rab8 38. Nb3 Ba7 39. Nbd4 Bxd4 40. Nxd4
Rxb2 41. Bxc6 Reb8 42. Qf3 Rb1 43. Rxb1 Rxb1+ 44. Kh2 Qf1 0-1

[Event "5eme Open International de La Fere"]
[Site "La Fere (FRA)"]
[Date "2006.07.14"]
[Round "9.9"]
[White "Marchal, Jeremy"]
[Black "Menneveux, Jerome"]
[Result "1-0"]
[WhiteElo "2096"]
[BlackElo "1918"]
[PlyCount "49"]
[EventDate "2006.07.14"]

1. e4 e5 2. Nf3 Nf6 3. Nc3 Nc6 4. Bc4 Nxe4 5. Bd5 Nxc3 6. dxc3 Bc5 7. Ng5 Qf6
8. O-O O-O 9. Ne4 Qg6 10. Nxc5 d6 11. Be4 f5 12. Bd5+ Kh8 13. Nb3 f4 14. f3 Bh3
15. Rf2 Ne7 16. Bxb7 Rae8 17. Be4 Nf5 18. Kf1 d5 19. Qxd5 Rd8 20. Qxe5 Ng3+ 21.
hxg3 Qxg3 22. Qh5 Bxg2+ 23. Ke2 Bxf3+ 24. Qxf3 Qg1 25. Bxf4 1-0

[Event "5eme Open International de La Fere"]
[Site "La Fere (FRA)"]
[Date "2006.07.14"]
[Round "9.10"]
[White "Maupin, Valerie"]
[Black "Riff, Jean-Noel"]
[Result "0-1"]
[WhiteElo "2007"]
[BlackElo "2444"]
[PlyCount "54"]
[EventDate "2006.07.14"]

1. d4 Nf6 2. c4 e6 3. Nc3 Bb4 4. Qc2 c5 5. dxc5 O-O 6. a3 Bxc5 7. Nf3 b6 8. e3
Bb7 9. Be2 a6 10. O-O Qc7 11. Rd1 Be7 12. Nd4 d6 13. e4 Nbd7 14. Be3 Rac8 15.
Rac1 Qb8 16. Qb1 Ne5 17. b3 d5 18. cxd5 Bxa3 19. Rc2 exd5 20. exd5 Neg4 21.
Bxg4 Nxg4 22. g3 Nxe3 23. fxe3 Qe5 24. Kf2 Rfe8 25. Re1 Bb4 26. Qc1 Bxd5 27.
Ree2 Bb7 0-1

[Event "5eme Open International de La Fere"]
[Site "La Fere (FRA)"]
[Date "2006.07.14"]
[Round "9.12"]
[White "Clery, Nicolas"]
[Black "Lebon, Joffrey"]
[Result "1-0"]
[WhiteElo "2278"]
[BlackElo "1982"]
[PlyCount "41"]
[EventDate "2006.07.14"]

1. d4 Nf6 2. c4 c5 3. d5 e6 4. Nc3 exd5 5. cxd5 d6 6. e4 g6 7. f4 Qe7 8. Nf3
Bg7 9. Bb5+ Nfd7 10. Bd3 O-O 11. O-O Re8 12. e5 dxe5 13. f5 c4 14. Bc2 Qc5+ 15.
Kh1 b5 16. Ng5 Nf6 17. Nce4 Nxe4 18. Bxe4 Nd7 19. fxg6 fxg6 20. d6 Rb8 21. Be3
1-0

[Event "5eme Open International de La Fere"]
[Site "La Fere (FRA)"]
[Date "2006.07.14"]
[Round "9.13"]
[White "Mataigne, Jean-Michel"]
[Black "Cappon, John"]
[Result "1-0"]
[WhiteElo "1963"]
[BlackElo "2231"]
[PlyCount "37"]
[EventDate "2006.07.14"]

1. e4 c5 2. c3 d5 3. exd5 Qxd5 4. d4 Nf6 5. Nf3 Bg4 6. Be2 e6 7. Na3 Nc6 8. h3
Bh5 9. Be3 cxd4 10. Nb5 Rc8 11. Nbxd4 Bc5 12. Nxe6 Qxe6 13. Bxc5 Bxf3 14. gxf3
Ne5 15. Ba3 Nd5 16. Qa4+ Rc6 17. O-O-O Nxc3 18. bxc3 Qxa2 19. Rd8+ 1-0

[Event "5eme Open International de La Fere"]
[Site "La Fere (FRA)"]
[Date "2006.07.14"]
[Round "9.14"]
[White "Demeestere, Laurent"]
[Black "Platel, Alexandre"]
[Result "0-1"]
[WhiteElo "1954"]
[BlackElo "2167"]
[PlyCount "50"]
[EventDate "2006.07.14"]

1. Nf3 c5 2. g3 Nc6 3. d4 cxd4 4. Nxd4 e5 5. Nxc6 bxc6 6. Bg2 Bc5 7. Nd2 Nf6 8.
c4 d5 9. Qa4 Bd7 10. O-O h6 11. b3 Qe7 12. Bb2 O-O 13. Nb1 a5 14. Nc3 Rfb8 15.
cxd5 Rb4 16. dxc6 Be6 17. Qa3 Rd4 18. b4 Bxb4 19. Qa4 Bxc3 20. Qc2 Bxb2 21.
Qxb2 Bd5 22. Qb7 Qxb7 23. cxb7 Rb8 24. Rab1 Bxg2 25. Kxg2 Ra4 0-1

[Event "5eme Open International de La Fere"]
[Site "La Fere (FRA)"]
[Date "2006.07.14"]
[Round "9.15"]
[White "Delmotte, Eric"]
[Black "Waquet, Frederic"]
[Result "0-1"]
[WhiteElo "1861"]
[BlackElo "2080"]
[PlyCount "28"]
[EventDate "2006.07.14"]

1. d4 Nf6 2. c4 c5 3. d5 b5 4. e4 Nxe4 5. Qf3 Qa5+ 6. Nc3 Nxc3 7. Bd2 Bb7 8.
Bxc3 b4 9. Bd2 g6 10. Bd3 Bg7 11. Rb1 Qxa2 12. b3 e6 13. Nh3 O-O 14. O-O Qxd2
0-1

[Event "5eme Open International de La Fere"]
[Site "La Fere (FRA)"]
[Date "2006.07.14"]
[Round "9.16"]
[White "Deneuville, Ludovic"]
[Black "Godart, Francois"]
[Result "1-0"]
[WhiteElo "2009"]
[BlackElo "1952"]
[PlyCount "73"]
[EventDate "2006.07.14"]

1. e4 c6 2. d3 d5 3. Nd2 g6 4. Ngf3 Bg7 5. g3 e5 6. Bg2 Ne7 7. O-O O-O 8. c3 b6
9. Re1 d4 10. c4 c5 11. h3 Nbc6 12. Nf1 a6 13. Bd2 b5 14. Qc1 Qd6 15. b3 Be6
16. Ng5 b4 17. f4 f6 18. Nxe6 Qxe6 19. Nh2 a5 20. Rf1 a4 21. f5 Qd7 22. h4 Ra6
23. Bh6 Rfa8 24. Bxg7 Kxg7 25. Rb1 axb3 26. axb3 Qa7 27. Ng4 Ng8 28. Bh3 Ra2
29. fxg6 hxg6 30. Rxf6 Nxf6 31. Qh6+ Kf7 32. Rf1 Ra1 33. Qh7+ Ke6 34. Nxf6+ Kd6
35. Ne8+ Rxe8 36. Qxg6+ Ke7 37. Qf6# 1-0

[Event "5eme Open International de La Fere"]
[Site "La Fere (FRA)"]
[Date "2006.07.14"]
[Round "9.17"]
[White "Wallart, Francois"]
[Black "Bardoux, Thierry"]
[Result "0-1"]
[WhiteElo "1848"]
[BlackElo "2175"]
[PlyCount "99"]
[EventDate "2006.07.14"]

1. e4 c5 2. f4 d5 3. e5 Nc6 4. c3 Qb6 5. Na3 a6 6. Nc2 d4 7. c4 Bf5 8. d3 e6 9.
Nf3 Qc7 10. Nh4 Nge7 11. Nxf5 Nxf5 12. g4 Nh4 13. Qe2 Be7 14. Bg2 Nxg2+ 15.
Qxg2 Bh4+ 16. Kd1 Be7 17. a4 O-O-O 18. Bd2 f6 19. exf6 gxf6 20. Qe4 e5 21. f5
h5 22. h3 hxg4 23. hxg4 Rxh1+ 24. Qxh1 Rg8 25. Qh3 Kb8 26. Na3 Bd6 27. Kc2 Nb4+
28. Kb3 Qb6 29. a5 Qxa5 30. Nc2 Qb6 31. Nxb4 cxb4 32. g5 fxg5 33. f6 g4 34. f7
Rf8 35. Qh5 Qc7 36. Qxg4 Rxf7 37. Qg8+ Rf8 38. Qg2 Qc5 39. Bh6 Rc8 40. Qe4 Rc7
41. Bd2 Ka7 42. Ra4 b5 43. Rxb4 Qb6 44. cxb5 Bxb4 45. Kxb4 Qxb5+ 46. Ka3 a5 47.
b4 Rb7 48. Be1 axb4+ 49. Kb3 Qa5 50. Qc6 0-1

[Event "5eme Open International de La Fere"]
[Site "La Fere (FRA)"]
[Date "2006.07.14"]
[Round "9.18"]
[White "Iglesias, Joachim"]
[Black "Nicolas, Aurelien"]
[Result "1/2-1/2"]
[WhiteElo "2127"]
[BlackElo "1824"]
[PlyCount "139"]
[EventDate "2006.07.14"]

1. d4 d5 2. Nf3 Nf6 3. e3 g6 4. Bd3 Bg7 5. O-O O-O 6. Nbd2 Nbd7 7. Qe2 Re8 8.
Ne5 Nxe5 9. dxe5 Nd7 10. f4 Nc5 11. b4 Nxd3 12. cxd3 f6 13. Bb2 b6 14. Rad1 Qd7
15. Nf3 Ba6 16. Nd4 fxe5 17. fxe5 Bxe5 18. Nf5 Bf6 19. Nh6+ Kg7 20. Ng4 Rf8 21.
Rf4 Rf7 22. a4 h5 23. Ne5 Bxe5 24. Bxe5+ Kg8 25. Rxf7 Kxf7 26. b5 Qe6 27. Qb2
Bc8 28. Rf1+ Ke8 29. e4 c5 30. bxc6 Qxc6 31. Bg7 Bb7 32. Qe5 dxe4 33. dxe4 Qxe4
34. Qb2 Rc8 35. Qd2 Qd5 36. Rf8+ Kd7 37. Qxd5+ Bxd5 38. Rxc8 Kxc8 39. Bc3 a5
40. Kf2 Bc6 41. g3 Bxa4 42. Ke3 Kd7 43. Bd2 Bb3 44. Kd4 a4 45. Bb4 b5 46. Ke5
e6 47. h4 Bc2 48. Kd4 Ke8 49. Ke5 Kf7 50. Bc5 Bf5 51. Bb4 Ke8 52. Kd4 Kd7 53.
Ke5 Kc6 54. Kd4 Kb6 55. Bd6 Bb1 56. Bb4 a3 57. Bxa3 Ka5 58. Kc3 Ka4 59. Bd6 Bf5
60. Kb2 b4 61. Bf4 Be4 62. Bd6 Bd5 63. Be5 Kb5 64. Kc1 Kc4 65. Kd2 Be4 66. Ke3
Kd5 67. Kf4 Bf5 68. Bf6 b3 69. Bg7 Kc4 70. Ke3 1/2-1/2

[Event "5eme Open International de La Fere"]
[Site "La Fere (FRA)"]
[Date "2006.07.14"]
[Round "9.19"]
[White "Thomas, Olivier"]
[Black "Pavillon, Guillaume"]
[Result "1-0"]
[WhiteElo "2126"]
[BlackElo "1790"]
[PlyCount "25"]
[EventDate "2006.07.14"]

1. e4 e6 2. d4 d5 3. e5 c5 4. c3 Qb6 5. Nf3 Bd7 6. Bd3 Bb5 7. O-O Nc6 8. dxc5
Bxc5 9. b4 Be7 10. Be3 Qa6 11. Bxb5 Qxb5 12. a4 Qc4 13. Na3 1-0

[Event "5eme Open International de La Fere"]
[Site "La Fere (FRA)"]
[Date "2006.07.14"]
[Round "9.20"]
[White "Houriez, Clement"]
[Black "Barbet, Pascal"]
[Result "1-0"]
[WhiteElo "2125"]
[BlackElo "1730"]
[PlyCount "41"]
[EventDate "2006.07.14"]

1. e4 d6 2. d4 g6 3. Nc3 Bg7 4. Bg5 Nd7 5. f3 Ngf6 6. Qd2 b6 7. Bc4 O-O 8. Bh6
a6 9. a4 Bb7 10. h4 c5 11. Nge2 Rc8 12. Ba2 e6 13. h5 Nxh5 14. g4 Ndf6 15. gxh5
Nxh5 16. O-O-O Qc7 17. Rxh5 gxh5 18. Rg1 f5 19. Qg5 Rf6 20. Nf4 Rxh6 21. Qxh6
1-0